01161nam a2200193Ia 4500001001100000003001000011008004100021040002500062041001300087100001800100245006400118250001100182260008400193300001200277500026400289501011400553520026400667650003600931L200-52613IT-CnALBA170116s9999||||xx |||||||||||||| ||und|| aIT-CnALBAcIT-CnALBA aITALIANO aGIGANTE MARIO 0aPRESUPPOSTI FILOSOFICI DELL'ENCICLICA VERITA'TIS SPLENDOR.  a1a ed. a SALERNObARTIGIANA TIPOGRAFICA c1996 [1° Ed.:1996 - Ed.Ling.Originale: 1996] a286 p.  aVERITÀ. PRESENTAZIONE. INTRODUZIONE PER LA LETTURA. PREFAZIONE. PREDICAZIONE METAFISICA DELL'ETICA. E SU DIO. E SULL'UOMO. BENE UMANO E MORALE. COSCIENZA MORALE. LA LEGGE MORALE NATURALE E LA LEGGE ETERNA. ETICA FINALISTICA. LIBERTÀ E ATTO DELL'ESSERE. EU aSocietà San Paolo EM - Piazza San Paolo, 14 - 12051 ALBA (CN) (non commercial uses only) ® Copyright 2017 aVERITÀ. PRESENTAZIONE. INTRODUZIONE PER LA LETTURA. PREFAZIONE. PREDICAZIONE METAFISICA DELL'ETICA. E SU DIO. E SULL'UOMO. BENE UMANO E MORALE. COSCIENZA MORALE. LA LEGGE MORALE NATURALE E LA LEGGE ETERNA. ETICA FINALISTICA. LIBERTÀ E ATTO DELL'ESSERE. EU aRELIGIONE - RELIGIONE CRISTIANA